000 00260nam a22001217a 4500
008 170303b xxu||||| |||| 00| 0 eng d
041 _aeng
080 _a616.073
100 _a6
101 _aSHM
245 _aRESPIRATORY DISEASE
_cBURNS, S.B
942 _2udc
_cBK
999 _c6671
_d6671